| 000 | 01000nam a22003137a 4500 | ||
|---|---|---|---|
| 003 | CHAP | ||
| 005 | 20220329143414.0 | ||
| 008 | 090423s2001 mx r 00010 spa d | ||
| 010 | _a96111 | ||
| 011 | _a97083 | ||
| 020 | _a9702402379 | ||
| 035 | _a107744 | ||
| 040 | _cCHAP | ||
| 082 | 0 | 4 |
_a370.114 _bL88 |
| 100 | 1 |
_aLópez de Llargo, Ana Teresa. _967817 |
|
| 245 | 1 | 0 |
_aEducación en valores, educación en virtudes _c/por Ana Teresa López de Llergo |
| 260 |
_aMéxico, D.F. : _bContinental, _c2001 |
||
| 300 |
_a180 p. : _bcuadros |
||
| 590 |
_aBATCH-UPD _b10 _c20130110 _lUCH01 _h0648 |
||
| 590 |
_aBATCH-UPD _b10 _c20130410 _lUCH01 _h0333 |
||
| 590 |
_aBATCH-UPD _b10 _c20130914 _lUCH01 _h1238 |
||
| 590 |
_aCONVERSION _b10 _c20130109 _lUCH01 _h1353 |
||
| 650 | 1 | 4 |
_aEducación. _935409 |
| 650 | 1 | 4 |
_aEnseñanza. _937085 |
| 650 | 1 | 4 |
_aValores (Psicología) _9117674 |
| 901 | _aBK | ||
| 942 | _cLIBRO | ||
| 949 |
_a370.114 L88 _bBC _cLIBRO _d33724002094603 _eLIBRO _gI.C/e _h110359 _i107744 _si _t$135.00 |
||
| 999 |
_c96111 _d96111 |
||